| Tag |
First Indicator |
Second Indicator |
Subfields |
| LEADER |
00000cam a2200000 a 4500 |
| 001 |
in00000089022 |
| 005 |
20151008065239.0 |
| 008 |
810604s1965 nyuacfh b 00010 eng |
| 010 |
|
|
|a 81104192
|z 63017002
|
| 020 |
|
|
|a 0802142915 (Grove press)
|
| 020 |
|
|
|a 0394176049
|
| 035 |
|
|
|a (OCoLC)07574145
|
| 035 |
|
|
|9 AAK5613AM
|
| 039 |
0 |
|
|a 2
|b 3
|c 3
|d 3
|e 3
|
| 040 |
|
|
|a DLC
|c DLC
|d TXA
|d UtOrBLW
|
| 041 |
1 |
|
|a eng
|a fre
|
| 049 |
|
|
|a TXAM
|c [1196642]
|
| 050 |
0 |
0 |
|a PQ2619.A65
|b A26 1965b
|
| 082 |
0 |
|
|a 842/.8
|2 19
|
| 090 |
|
|
|a PQ2619.A65
|b A26 1980
|
| 100 |
1 |
|
|a Jarry, Alfred,
|d 1873-1907.
|
| 240 |
1 |
0 |
|a Works.
|k Selections.
|l English
|
| 245 |
1 |
0 |
|a Selected works of Alfred Jarry /
|c edited by Roger Shattuck and Simon Watson Taylor ; [illustrated with photographs, and drawings by Jarry, Sine, and others].
|
| 250 |
|
|
|a 1st Evergreen ed.
|
| 264 |
|
1 |
|a New York, N.Y. :
|b Grove Press :
|c 1965,
|
| 264 |
|
2 |
|a New York, N.Y. :
|b Distributed by Random House,
|
| 264 |
|
3 |
|c 1980 printing
|
| 300 |
|
|
|a 280 pages, 32 unnumbered pages of plates :
|b illustrations, facsimiles, portraits ;
|c 21 cm.
|
| 336 |
|
|
|a text
|b txt
|2 rdacontent
|
| 337 |
|
|
|a unmediated
|b n
|2 rdamedia
|
| 338 |
|
|
|a volume
|b nc
|2 rdacarrier
|
| 490 |
0 |
|
|a An Evergreen book ;
|v E395
|
| 504 |
|
|
|a Bibliography: page [281].
|
| 700 |
1 |
|
|a Shattuck, Roger.
|
| 700 |
1 |
|
|a Taylor, Simon Watson.
|
| 999 |
|
|
|a MARS
|
| 999 |
f |
f |
|s 383e0156-38cb-34af-93bf-cff12461784d
|i c55bc521-dbd9-3e40-b925-e3aeeafa79bc
|t 0
|
| 952 |
f |
f |
|p normal
|a Texas A&M University
|b College Station
|c Sterling C. Evans Library
|d Evans: Library Stacks
|t 0
|e PQ2619.A65 A26 1980
|h Library of Congress classification
|i unmediated -- volume
|m A14806180928
|
| 998 |
f |
f |
|a PQ2619.A65 A26 1980
|t 0
|l Evans: Library Stacks
|